[Event "Macaubal Tsiloufas Memorial 2nd"]
[Site "Macaubal"]
[Date "2025.03.02"]
[Round "4"]
[White "Eto, Fabio Luis"]
[Black "Pinto, Ryan Diniz"]
[Result "1-0"]
[WhiteElo "1812"]
[BlackElo "1666"]
[PlyCount "36"]
[EventDate "2025.03.01"]
[EventType "swiss"]
[EventRounds "6"]
[EventCountry "BRA"]
[SourceTitle "CB11_2025"]
[SourceDate "2025.03.12"]
[SourceVersion "1"]
[SourceVersionDate "2025.03.12"]
[SourceQuality "1"]

1. e4 e6 2. d4 d5 3. Nd2 Nf6 4. e5 Nfd7 5. Bd3 c5 6. c3 Nc6 7. Ne2 f6 8. Nf4 Qe7 9. Qh5+ Qf7 10. Qg4 cxd4 11. cxd4 Nxd4 12. Ng6 f5 13. Nxh8 fxg4 14. Nxf7 Kxf7 15. h3 Nxe5 16. Bb1 g5 17. f4 Ng6 18. Nf1 Bb4+ 1-0